000 01504cam a22004214i 4500
003 PE-LiUPU
005 20250731173136.0
008 150623s1975 miu r 000 0 eng d
035 _a(Sirsi) a26972
040 _aPE-LiUPU
_bspa
_cPE-LiUPU
_erda
049 _aPRUA
082 0 4 _a261.8
_bG79
_221
100 1 _aGrant, Wilson W.,
_d1941-,
_eautor.
245 1 0 _aLove and sex /
_cWilson W. Grant.
264 1 _aGrand Rapids, Michigan :
_bZondervan Publishing House,
_c1975.
300 _a172 páginas ;
_c18 centímetros
336 _atext
_2rdacontent
337 _aunmediated
_2rdamedia
338 _avolume
_2rdacarrier
505 0 _aWhat's happening to me? -- Sex is not a four letter word -- What's smart -- The long wait -- Questions you were afraid to ask -- The plumbing.
526 _aSEG42
526 _aSEG41
526 _aSEG40
526 _aSEG39
526 _aP94
526 _aP87
526 _aP86
526 _aP85
526 _aP77
526 _aP76
526 _aP35
650 0 4 _aOrientación sexual para jóvenes.
942 _2ddc
_cBOOK
949 _a261.8 G79
_wDEWEY
_c1
_i52246
_lCCODEBUL1
_mBUL
_p5.00
_r0
_sY
_tBOOK
_u2015-06-24
_xTEOLOGIA
_PP35
_0COMPRA
_o.STAFF. Colección General
596 _a1
999 _a261.8 G79
_wDEWEY
_c34061
_i52246
_d34061
_e2016-2-3
_f2021-11-12
_g5
_lCCODEBUL1
_mBUL
_n1
_p5.00
_r0
_sY
_tBOOK
_u2015-6-24
_xTEOLOGIA
_PP35
_0COMPRA
_o.STAFF. Colección Teología
980 _81
_gALBERTO SANCHEZ Responsable de Automatización